| 000 | 00884cab a2200217 4500 | ||
|---|---|---|---|
| 001 | L135807 | ||
| 008 | 061212n2006 000 0 eng u | ||
| 035 | _a(Sirsi) u135807 | ||
| 041 | 0 | _aeng | |
| 100 | 1 | _aScheffer, Johannes | |
| 245 | 0 | 0 | _aEnhancing the contribution of corporate real estate to corporate strategy |
| 260 | _c2006 | ||
| 490 | 0 |
_aJournal of Corporate Real Estate _v8(4) 2006, 188-197(9) |
|
| 520 | _aProvides a tool for pinpointing and enhancing the contribution of corporate real estate to corporate strategy. Finds that senior managers and other stakeholders often lack sufficient insight into the impact of corporate real estate decisions on corporate performance. | ||
| 590 | _aKA | ||
| 651 | 4 | _aInternational | |
| 690 | _aPROPERTY-COMMERCIAL PROPERTY-CORPORATE REAL ESTATE | ||
| 700 | 1 | _aSinger, Bastiaan | |
| 700 | 1 | _aVan Meerwijk, Marc | |
| 942 | _n0 | ||
| 999 |
_c78004 _d78004 |
||